[Event "Regionalliga SW 1718 (Women)"]
[Site "Germany"]
[Date "2017.10.15"]
[Round "1.4"]
[White "Nguyen, Vanessa"]
[Black "Mayer, Svenja"]
[Result "1/2-1/2"]
[WhiteElo "1083"]
[BlackElo "1194"]
[PlyCount "118"]
[EventDate "2017.10.15"]
[EventType "team-tourn"]
[EventRounds "5"]
[EventCountry "GER"]
[SourceTitle "CBM 183 Extra"]
[Source "ChessBase"]
[SourceDate "2018.04.19"]
[SourceVersion "1"]
[SourceVersionDate "2018.04.19"]
[SourceQuality "1"]
[WhiteTeam "Gernsheim (W) II"]
[BlackTeam "Birkenfeld (W)"]
[WhiteTeamCountry "GER"]
[BlackTeamCountry "GER"]

1. e4 e6 2. d4 d5 3. e5 c5 4. Nf3 Nc6 5. Be3 Qb6 6. b3 Nh6 7. Be2 Nf5 8. dxc5 Bxc5 9. Bxc5 Qxc5 10. 0-0 Bd7 11. c4 0-0-0 12. cxd5 exd5 13. Qd2 Rde8 14. Rc1 Qe7 15. Qxd5 Kb8 16. Nbd2 Bc8 17. Bb5 Rd8 18. Qe4 Nfd4 19. Nxd4 Rxd4 20. Qe3 Qxe5 21. Qxe5+ Nxe5 22. Re1 f6 23. Ne4 f5 24. Ng5 Ng4 25. Rad1 Rxd1 26. Rxd1 a6 27. Bd7 h6 28. Ne6 g5 29. Ng7 f4 30. Bxg4 Bxg4 31. f3 Bc8 32. Rd5 Rg8 33. Nf5 Rh8 34. Nd4 b5 35. a4 bxa4 36. bxa4 Rg8 37. Nc6+ Kc7 38. Ne7 Rd8 39. Rc5+ Kd7 40. Nxc8 Rxc8 41. Ra5 Rc6 42. g3 Kc7 43. Re5 Rf6 44. gxf4 Rxf4 45. Re6 Rxa4 46. Rxh6 g4 47. fxg4 Rxg4+ 48. Kf2 Ra4 49. h4 a5 50. h5 Rf4+ 51. Ke3 Rf5 52. Rh7+ Kd6 53. h6 a4 54. Ra7 Rh5 55. h7 Ke6 56. Ra6+ Kf7 57. Ra5 Rxh7 58. Ra7+ Kg6 59. Rxh7 Kxh7 1/2-1/2

[Event "Regionalliga SW 1617 (Women)"]
[Site "Germany"]
[Date "2017.03.26"]
[Round "5.4"]
[White "Elpelt, Silvia"]
[Black "Nguyen, Vanessa"]
[Result "1-0"]
[WhiteElo "1399"]
[BlackElo "1079"]
[PlyCount "83"]
[EventDate "2016.10.23"]
[EventType "team-tourn"]
[EventRounds "5"]
[EventCountry "GER"]
[SourceTitle "EXT 2018"]
[Source "ChessBase"]
[SourceDate "2017.10.13"]
[SourceVersion "1"]
[SourceVersionDate "2017.10.13"]
[SourceQuality "1"]
[WhiteTeam "Eschborn (W)"]
[BlackTeam "Gernsheim (W) II"]
[WhiteTeamCountry "GER"]
[BlackTeamCountry "GER"]

1. e4 e5 2. Nf3 Nc6 3. Nc3 Nf6 4. Bc4 Nxe4 5. Nxe4 d5 6. Bxd5 Qxd5 7. d3 f5 8. Nc3 Qd6 9. 0-0 Be6 10. Re1 0-0-0 11. Bg5 Rd7 12. Qe2 h6 13. Bd2 Re7 14. a3 Bd7 15. Qd1 g5 16. h3 Bg7 17. Rb1 Rhe8 18. Na2 Qd5 19. Nb4 Nxb4 20. Bxb4 c5 21. Bc3 Bh8 22. b4 e4 23. Bxh8 exf3 24. Rxe7 Rxe7 25. c4 Qc6 26. b5 Qb6 27. Qxf3 g4 28. hxg4 fxg4 29. Qf8+ Qd8 30. Qxd8+ Kxd8 31. Bf6 Bf5 32. Re1 Bxd3 33. Rxe7 Kc8 34. Re8+ Kc7 35. Re7+ Kc8 36. Be5 Bxc4 37. Rc7+ Kd8 38. Rxc5 Be2 39. Kh2 Kd7 40. Bf4 h5 41. Kg3 Ke6 42. Re5+ 1-0

[Event "GER-ch U12"]
[Site "Willingen"]
[Date "2015.05.24"]
[Round "1"]
[White "Nguyen, Vanessa"]
[Black "Heckmann, Till"]
[Result "1/2-1/2"]
[WhiteElo "923"]
[BlackElo "1527"]
[PlyCount "118"]
[EventDate "2015.05.24"]
[EventType "swiss"]
[EventRounds "11"]
[EventCountry "GER"]
[SourceTitle "CBM 166 Extra"]
[Source "ChessBase"]
[SourceDate "2015.06.18"]
[SourceVersion "1"]
[SourceVersionDate "2015.06.18"]
[SourceQuality "1"]

1. e4 e5 2. Nf3 Nc6 3. Be2 Nf6 4. Nc3 Bc5 5. Nxe5 Bxf2+ 6. Kxf2 Nxe5 7. d4 Nc6 8. Rf1 d6 9. Kg1 0-0 10. Bg5 Kh8 11. Nd5 h6 12. Bxf6 gxf6 13. Nxf6 Ne7 14. e5 dxe5 15. dxe5 Qxd1 16. Raxd1 Be6 17. a3 Nc6 18. Bf3 Nxe5 19. Bxb7 Rab8 20. Bd5 Rxb2 21. Rf2 Bxd5 22. Rxd5 Rb1+ 23. Rf1 Rxf1+ 24. Kxf1 Nc4 25. Rc5 Nxa3 26. Rxc7 Nb5 27. Rb7 Nd4 28. c3 Nc6 29. Rc7 Ne5 30. Rxa7 Kg7 31. Nd7 Re8 32. Nxe5 Rxe5 33. Ra2 Kf6 34. Rd2 Re3 35. c4 Re4 36. c5 Re6 37. Rc2 Rc6 38. Kf2 Kf5 39. Kf3 h5 40. h3 Ke5 41. g4 hxg4+ 42. hxg4 f5 43. g5 f4 44. Kg4 Ke4 45. Kh5 Kd3 46. Rc1 f3 47. g6 Kd2 48. Rf1 Rxc5+ 49. Kh6 Ke2 50. g7 Kxf1 51. g8Q f2 52. Qf8 Re5 53. Qf6 Re1 54. Qa6+ Kg2 55. Qc6+ Kg3 56. Qc3+ Kh2 57. Qc7+ Kg1 58. Qg7+ Kf1 59. Kh5 Ke2 1/2-1/2

[Event "Hessen-ch U12"]
[Site "Bad Homburg"]
[Date "2015.04.03"]
[Round "9"]
[White "Paeutz, Klara"]
[Black "Nguyen, Vanessa"]
[Result "0-1"]
[WhiteElo "724"]
[BlackElo "975"]
[PlyCount "92"]
[EventDate "2015.03.30"]
[EventType "swiss"]
[EventRounds "9"]
[EventCountry "GER"]
[SourceTitle "EXT 2017"]
[Source "ChessBase"]
[SourceDate "2016.10.25"]
[SourceVersion "1"]
[SourceVersionDate "2016.10.25"]
[SourceQuality "1"]

1. e4 e5 2. Nf3 Nc6 3. Bb5 Nf6 4. Nc3 a6 5. Bxc6 dxc6 6. Nxe5 Qd4 7. Nf3 Qc5 8. d4 Qe7 9. Bg5 Bf5 10. e5 h6 11. Bh4 g5 12. Bg3 Nd7 13. 0-0 0-0-0 14. Re1 Nb6 15. Qd2 Nc4 16. Qe2 Qe6 17. Rad1 Nxb2 18. Rb1 Ba3 19. Qe3 Bxc2 20. Ra1 Nc4 21. Qe2 Qf5 22. Qxc4 Qd3 23. Qxd3 Bxd3 24. Ne4 Bb2 25. Rad1 Bc4 26. Rd2 Ba3 27. Nf6 Bb4 28. Rc2 Bd3 29. Rb2 Bxe1 30. Nxe1 Rxd4 31. e6 Bb5 32. exf7 Rf8 33. Nh7 Rxf7 34. Be5 Rd1 35. h3 Rxe1+ 36. Kh2 Rxe5 37. Nxg5 hxg5 38. Rd2 Rd5 39. Rc2 Rdf5 40. Kg1 Rf4 41. g3 Rd4 42. Rc1 Rd2 43. Re1 Rfxf2 44. h4 Rg2+ 45. Kh1 Rh2+ 46. Kg1 Rdg2# 0-1

[Event "Hessen-ch U12"]
[Site "Bad Homburg"]
[Date "2014.??.??"]
[Round "1"]
[White "Krastev, Alexander"]
[Black "Nguyen, Vanessa"]
[Result "1-0"]
[WhiteElo "1382"]
[BlackElo "892"]
[PlyCount "91"]
[EventDate "2014.04.??"]
[EventType "swiss"]
[EventRounds "9"]
[EventCountry "GER"]
[SourceTitle "EXT 2022"]
[Source "ChessBase"]
[SourceDate "2021.10.06"]
[SourceVersion "1"]
[SourceVersionDate "2021.10.06"]
[SourceQuality "1"]

1. e4 e5 2. Nf3 Nc6 3. Bc4 Nf6 4. d3 Bc5 5. c3 d6 6. Bb3 0-0 7. 0-0 Be6 8. Nbd2 d5 9. exd5 Bxd5 10. Bxd5 Qxd5 11. Nb3 e4 12. dxe4 Qxd1 13. Rxd1 Nxe4 14. Nxc5 Nxc5 15. Be3 Ne6 16. Nd4 Ncxd4 17. Bxd4 Nxd4 18. Rxd4 Rae8 19. Rd7 c6 20. Rxb7 a6 21. Rb6 Re6 22. Rxa6 Rfe8 23. Kf1 c5 24. Rxe6 Rxe6 25. Rd1 Kf8 26. Rd7 Ke8 27. Rc7 Kd8 28. Rxf7 Rh6 29. h3 g6 30. a4 g5 31. Rf5 Rh5 32. Rxc5 Kd7 33. b4 Rh4 34. Rxg5 Ke6 35. Rc5 Kf6 36. a5 Ke7 37. a6 Kd6 38. a7 Kd7 39. a8Q Rf4 40. Qc6+ Ke7 41. Qc7+ Kf6 42. Qxf4+ Ke6 43. Re5+ Kd6 44. Qf6+ Kd7 45. Re7+ Kd8 46. Qf8# 1-0

[Event "Hessen-ch U12"]
[Site "Bad Homburg"]
[Date "2014.??.??"]
[Round "9"]
[White "Nguyen, Vanessa"]
[Black "Mueller, Joshua"]
[Result "0-1"]
[WhiteElo "892"]
[BlackElo "761"]
[PlyCount "60"]
[EventDate "2014.04.??"]
[EventType "swiss"]
[EventRounds "9"]
[EventCountry "GER"]
[SourceTitle "EXT 2022"]
[Source "ChessBase"]
[SourceDate "2021.10.06"]
[SourceVersion "1"]
[SourceVersionDate "2021.10.06"]
[SourceQuality "1"]

1. e4 g6 2. d4 Bg7 3. Nf3 Nf6 4. Nc3 0-0 5. Bc4 b6 6. Bd5 Nc6 7. Ne5 Bb7 8. Nxf7 Qe8 9. Nd6+ e6 10. Nxe8 Rfxe8 11. Bxc6 Bxc6 12. 0-0 Nxe4 13. Nxe4 Bxe4 14. Bf4 c5 15. dxc5 Bc6 16. Qd2 bxc5 17. Bh6 Bh8 18. c3 d5 19. Rfe1 d4 20. cxd4 cxd4 21. Rac1 Bd5 22. Qa5 d3 23. Red1 Bxb2 24. Rc7 Bd4 25. Rxd3 Reb8 26. h3 Be5 27. Rxa7 Rb1+ 28. Bc1 Rxc1+ 29. Rd1 Rxd1+ 30. Qe1 Rxe1# 0-1

[Event "Hessen-ch U10"]
[Site "Bad Homburg"]
[Date "2013.??.??"]
[Round "2"]
[White "Held, Maurice"]
[Black "Nguyen, Vanessa"]
[Result "1-0"]
[WhiteElo "1091"]
[BlackElo "790"]
[PlyCount "59"]
[EventDate "2013.03.??"]
[EventType "swiss"]
[EventRounds "9"]
[EventCountry "GER"]
[SourceTitle "EXT 2014"]
[Source "ChessBase"]
[SourceDate "2013.11.20"]
[SourceVersion "1"]
[SourceVersionDate "2013.11.20"]
[SourceQuality "1"]

1. c4 e5 2. Nc3 Nc6 3. Nf3 Nf6 4. d3 Bb4 5. Bd2 0-0 6. g3 d6 7. Bg2 Bd7 8. 0-0 Qe7 9. Nd5 Nxd5 10. cxd5 Bxd2 11. dxc6 bxc6 12. Qxd2 Rab8 13. a3 Qf6 14. b4 Rb5 15. Rfb1 Be6 16. Qg5 Qg6 17. Qxg6 fxg6 18. Ng5 Bd5 19. Bxd5+ Rxd5 20. Rc1 e4 21. Nxe4 Rdf5 22. Rxc6 d5 23. Nc3 Rxf2 24. Rxc7 d4 25. Ne4 Rxe2 26. Nd6 Rf3 27. Rf1 Rxf1+ 28. Kxf1 Re6 29. Rc8+ Re8 30. Rxe8# 1-0

[Event "Hessen-ch U10"]
[Site "Bad Homburg"]
[Date "2012.??.??"]
[Round "8"]
[White "Wachsmann, Elmar"]
[Black "Nguyen, Vanessa"]
[Result "1-0"]
[WhiteElo "803"]
[BlackElo "721"]
[PlyCount "105"]
[EventDate "2012.04.??"]
[EventType "swiss"]
[EventRounds "9"]
[EventCountry "GER"]
[SourceTitle "EXT 2015"]
[Source "ChessBase"]
[SourceDate "2014.11.20"]
[SourceVersion "1"]
[SourceVersionDate "2014.11.20"]
[SourceQuality "1"]

1. d4 d5 2. c4 Nf6 3. Bf4 Nc6 4. Nf3 Nxd4 5. Qxd4 Bf5 6. Nc3 e6 7. cxd5 exd5 8. a3 Be7 9. e3 0-0 10. Be2 c5 11. Qd2 h6 12. Be5 Ng4 13. Bf4 Bf6 14. Nxd5 Bxb2 15. Qxb2 Qxd5 16. h3 Nf6 17. 0-0 Nh5 18. Be5 Qe6 19. Rfd1 Qg6 20. Rd6 f6 21. Bc4+ Kh8 22. Nh4 Qg5 23. g3 Bxh3 24. Kh2 Qg4 25. Be6 Qe4 26. Bf4 g5 27. Bf5 Bxf5 28. Nxf5 Qxf5 29. Bxg5 Qxg5 30. Qe2 Rg8 31. Rg1 c4 32. Qxc4 Rac8 33. Qf7 Rc1 34. Rd7 Rg7 35. Qe8+ Rg8 36. Qe7 Ng7 37. Rxc1 Re8 38. Qf7 f5 39. Qxg7+ Qxg7 40. Rxg7 Kxg7 41. Rc7+ Kh8 42. Rxb7 a6 43. Ra7 Re6 44. a4 Rf6 45. a5 f4 46. gxf4 Rf5 47. Rxa6 Rh5+ 48. Kg3 Rf5 49. Kf3 Rf7 50. Rb6 Rh7 51. f5 h5 52. f6 h4 53. Rb8# 1-0